000
00228nam a2200109Ia 4500
999
_c
8140
_d
8140
020
_a
978-0073511290
100
_a
Paul. Samuelson
245
0
_a
Economics
260
_a
New York
_b
McGraw Hill
_c
2001
300
_a
779
942
_c
BK